Statistics for Top 20 AFL players of 21st Century

Click here to take the quiz!

General Stats

  • This quiz has been taken 32 times
  • The average score is 10 of 20

Answer Stats

HintAnswer% Correct
Retired 2020Gary Ablett Jr
100%
ActiveDustin Martin
88%
ActiveLance Franklin
84%
Retired 2015Chris Judd
72%
ActiveNat Fyfe
72%
ActiveScott Pendlebury
68%
ActivePatrick dangerfield
64%
Retired 2016Dane Swan
48%
Retired 2007Nathan Buckley
48%
Retired 2010Ben cousins
44%
Retired 2017Sam mitchell
44%
Retired 2009Jason Akermanis
40%
Retired 2013SImon Black
40%
Retired 2016Jimmy Bartel
36%
Retired 2006Michael Voss
36%
Retired 2006James Hird
24%
Retired 2008Robert harvey
24%
Retired 2004Wayne Carey
24%
Retired 2016Adam cooney
20%
Retired 2017Jobe Watson
16%

Score Distribution

Percentile by Number Answered

Percent of People with Each Score

Your Score History

You have not taken this quiz